Statistiques concernant Queen succès par albums

Cliquez ici pour prendre le quiz!

Statistiques générales

  • Ce quiz a été pris 66 fois
    (4 depuis la dernière actualisation)
  • Le résultat moyen est 8 sur 15

Statistiques - réponses

AlbumTitreNombre d'écoutes% Correct
JazzDon't Stop Me Now1 950 868 900
100%
Sheer Heart AttackKiller Queen825 199 330
100%
A Kind Of MagicA Kind Of Magic256 948 704
67%
Flash GordonFlash's Theme9 840 796
67%
The WorksRadio Ga Ga557 441 565
67%
Queen IISeven Seas Of Rhye93 484 618
67%
A Day At The RacesSomebody To Love880 997 390
67%
Hot SpaceUnder Pressure1 596 593 790
67%
News Of The WorldWe Will Rock You1 275 291 801
67%
The GameAnother One Bites The Dust1 841 919 792
33%
A Night At The OperaBohemian Rapsody2 472 865 036
33%
The MiracleBreakthru68 685 448
33%
QueenLiar30 444 645
33%
InnuendoThe Show Must Go On413 971 997
33%
Made In HeavenTo Much Love Will Kill You107 552 225
0%

Distribution des résultats

Percentile par nombre de réponses

% des personnes avec chaque résultat

Votre développement - résultats

Vous n’avez pas pris ce quiz depuis la dernière actualisation